| 000 | 00954 a2200169 4500 | ||
|---|---|---|---|
| 003 | NUST | ||
| 005 | 20230705132555.0 | ||
| 040 | _cNust | ||
| 082 | _a519,GRE | ||
| 100 |
_aGreen, S. L. (Stanley Lawson) _9113375 |
||
| 245 |
_aAdvanced level applied mathematics / _cGreen, S. L. (Stanley Lawson) |
||
| 260 |
_aLondon, _bUniversity Tutorial Press _c [1955] |
||
| 300 | _a324:p. | ||
| 505 | _aMotion of a particle in a straight line (Page-1), Motion in a straight line under gravity (Page-19), Newton,s laws of motion (Page- 24) Work,energy and power (Page-36), Impulses forces (Page-50), Vectors (Page-59), Relative velocity (Page-69), Impacts (Page-79), Statics of a particle (Page-96), Coplanar forces acting on a rigid body (Page-104), centre of mass (Page-135), iction (Page-166), Simple harmonic motion (Page-185), Projectiles (Page-197), Circular motion (Page-214), Hydrostatics (Page-277). | ||
| 650 | _amathematics. | ||
| 942 |
_2ddc _cBK _k519,GRE |
||
| 999 |
_c181072 _d181072 |
||